| 000 | 00436nam a2200181Ia 4500 | ||
|---|---|---|---|
| 001 | 16840 | ||
| 005 | 20260306170340.0 | ||
| 008 | 260306t1976||||xx |||||||||||||| ||und|| | ||
| 041 | _aESP | ||
| 082 |
_aS 657.044 _bC32 |
||
| 100 |
_aCashin, James A. _eAUT |
||
| 245 | 0 | _aTeoría y problemas de contabilidad II | |
| 260 | _c1976 | ||
| 300 |
_a257 páginas : _c27 cm. |
||
| 650 | _aGEN | ||
| 654 | _aCCO | ||
| 942 |
_cLIB _dJUS _fJUS _2ddc _n |
||
| 999 |
_c16840 _d16840 |
||